Ultimate Rapper Trivia - Statistics

General Stats
  • This quiz has been taken 145 times
    141 since last reset
  • The average score is 5 of 10
Answer Stats
Question Answer % Correct
Who made the iconic 2010s rap song "In Da Club"? 50 Cent
92%
What legendary rapper discovered Slim Shady (a.k.a Eminem) Dr. Dre
89%
Which ''Lil'' rapper has more hit singles? Lil' Wayne
74%
What rapper is known for being very bad at the guitar? Lil' Wayne
51%
In 2003, What song was released that is highly debated to be the best rap recordings ever? Lose Yourself
45%
What country is J. Cole from? Germany
43%
What rapper is known for having sexual related lyrics in their songs? Lil' Kim
34%
All of these NBA superstar players are rappers. Which one has had the better career? (In Music) Dame D.O.L.L.A. (a.k.a. Damian Lillard)
31%
What rapper is known for cursing a lot in most of his songs? XXXTentacion
23%
What rapper was featured in Beyonce's hit song "Drunk in Love"? Kayne West
12%
No matching quizzes found
Score Distribution
Percent of People with Each Score
Percentile by Number Answered
Your Score History
You have not taken this quiz since the last reset